000 00568nam a2200181Ia 4500
005 20250923144754.0
008 008 250917s9999 xx 000 0 eng d
037 _aTextual
040 _aDSWL
_beng
_cDSWL
041 _aeng
_2eng
084 _aY1:1.73.N5, J7.2
_qDSWL
100 _aLerner, Max
_9828256
245 0 _aAmerica as a civilization volume two, culture & persons
_cby Max Lerner
260 _aNew York
_bYorkSimon & Schuster
_c1957
300 _axi,465,1010p.
942 _cTEXL
_hY1:1.73.N5, J7.2
999 _c1443150
_d1443150